[Event "To Blitz, or not to Blitz? Knockout"]
[Site "SchemingMind.com"]
[Date "2019.06.08"]
[Round "-"]
[White "Karsten Kjeldsen"]
[Black "clare1347"]
[Result "1/2-1/2"]
[WhiteCountry "DEN"]
[BlackCountry "ENG"]
[WhiteElo "2236"]
[WhiteRD "114"]
[BlackElo "2274"]
[BlackRD "91"]
[GameID "442055"]

1. d4 d5 2. c4 c6 3. e3 Bf5 4. Nc3 e6 5. Nf3 Nd7 6. cxd5 cxd5 7. Qb3 Qb8 8. Nh4 Bg6 9. Nxg6 hxg6 10. Bd2 Ngf6
11. g3 a6 12. Bd3 b5 13. a3 Qb7 14. a4 b4 15. a5 Bd6 16. O-O g5 17. Kg2 g4 18. Rfc1 O-O 19. Na2 Ne4 20. Bxb4 Rab8
21. Bxe4 dxe4 22. Rc4 Nf6 23. Qc2 Bxb4 24. Nxb4 Nd5 25. Nxd5 exd5 26. Rc5 Qd7 27. Rc1 Qf5 28. Kg1 g5 29. Qe2 Kg7 30. Qxa6 Rxb2
31. R5c2 Rbb8 32. Qd6 Rbd8 33. Qe5+ Qxe5= 34. dxe5 Rfe8 35. Ra2 Rxe5 36. a6 Re7 37. Rc6=
1/2-1/2

[Event "To Blitz, or not to Blitz? Knockout"]
[Site "SchemingMind.com"]
[Date "2019.10.08"]
[Round "-"]
[White "clare1347"]
[Black "Aleksandr Frenkel"]
[Result "1/2-1/2"]
[WhiteCountry "ENG"]
[BlackCountry "USA"]
[WhiteElo "2233"]
[WhiteRD "82"]
[BlackElo "2243"]
[BlackRD "75"]
[GameID "446779"]

1. e4 e5 2. Nf3 Nc6 3. Bb5 a6 4. Ba4 Nf6 5. O-O Be7 6. Re1 b5 7. Bb3 O-O 8. c3 d6 9. h3 Nb8 10. d4 Nbd7
11. Nbd2 Bb7 12. Bc2 Re8 13. Nf1 Bf8 14. Ng3 g6 15. Bg5 Bg7 16. a4 h6 17. Bd2 c5 18. d5 c4 19. b4 cxb3 20. Bxb3 Nc5
21. Bc2 Qe7 22. Qc1 Qf8 23. axb5 axb5 24. Qb2 Nfd7 25. Rxa8 Rxa8 26. Qxb5 Ba6 27. Qb1 h5 28. Be3 Rb8 29. Qc1 Qc8 30. Nf1 Bd3
31. Ng5 Ra8 32. h4 Ra2 33. Bb1 Ra1 34. Qb2 Ra8 35. Bc2 Qa6 36. Qb1 Bf6 37. Nd2 Rb8 38. Qc1 Rb5 39. c4 Rb6 40. f3 Bd8
41. Kh2 Kg7 42. g4 hxg4 43. fxg4 Qb7 44. Bxd3 Nxd3 45. Qd1 Nxe1 46. Bxb6 Qxb6 47. Qxe1 Bxg5 48. hxg5 Nc5 49. Qe3=
1/2-1/2

[Event "To Blitz, or not to Blitz? Knockout"]
[Site "SchemingMind.com"]
[Date "2019.10.09"]
[Round "-"]
[White "Aleksandr Frenkel"]
[Black "clare1347"]
[Result "1-0"]
[WhiteCountry "USA"]
[BlackCountry "ENG"]
[WhiteElo "2243"]
[WhiteRD "75"]
[BlackElo "2233"]
[BlackRD "82"]
[GameID "446780"]

1. e4 e5 2. Nf3 Nc6 3. Bb5 a6 4. Ba4 Nf6 5. O-O Be7 6. Re1 b5 7. Bb3 d6 8. c3 Na5 9. Bc2 c5 10. d4 Qc7
11. Nbd2 cxd4 12. cxd4 Bg4 13. h3 Bh5 14. g4 Bg6 15. Nf1 O-O 16. Ng3 Rfc8 17. Bb1 h6 18. Bd3 Nc6 19. Be3 Bd8 20. d5 Ne7
21. Qd2 Qd7 22. Nh4 Nh7 23. Nhf5 Bxf5 24. gxf5 Ng5 25. Qe2 Ba5 26. Qg4 Bxe1 27. Rxe1 Kh8 28. Bxg5 hxg5 29. Qh5+ Kg8 30. f6 Ng6
31. fxg7 Kxg7 32. Nf5+ Kf8 33. Be2 Qd8 34. Qh6+ Ke8 35. Qg7 Rc2 36. Bg4 Nf8 37. Re3 Ra7 38. Qg8
1-0

[Event "To Blitz, or not to Blitz? Knockout"]
[Site "SchemingMind.com"]
[Date "2019.11.27"]
[Round "-"]
[White "Aleksandr Frenkel"]
[Black "frankly"]
[Result "1/2-1/2"]
[WhiteCountry "USA"]
[BlackCountry "ENG"]
[WhiteElo "2291"]
[WhiteRD "75"]
[BlackElo "2615"]
[BlackRD "72"]
[GameID "448598"]

1. e4 c5 2. Nf3 Nc6 3. d4 cxd4 4. Nxd4 Nf6 5. Nc3 e5 6. Ndb5 d6 7. Bg5 a6 8. Na3 b5 9. Bxf6 gxf6 10. Nd5 f5
11. c3 Bg7 12. Nc2 fxe4 13. a4 bxa4 14. Ncb4 Bd7 15. Qxa4 Ne7 16. Qc2 Nxd5 17. Nxd5 O-O 18. Bc4 Kh8 19. Qxe4 a5 20. O-O a4
21. b4 f5 22. Qe3 Rc8 23. Ba6 Rb8 24. Be2 e4 25. g3 Be5 26. Rfd1 Rg8 27. Ra3 Qf8 28. Kf1 Qg7 29. Nf4 Qh6 30. h4 Be6
31. Rc1 Ra8 32. b5 Bb3 33. Bd1 Bc4+ 34. Be2 Bb3 35. Bd1 Bc4+ 36. Be2 Bxf4 37. Qxf4 Qxf4 38. gxf4 Bb3 39. Bd1 Bc4+ 40. Be2=
1/2-1/2

[Event "To Blitz, or not to Blitz? Knockout"]
[Site "SchemingMind.com"]
[Date "2019.11.27"]
[Round "-"]
[White "frankly"]
[Black "Aleksandr Frenkel"]
[Result "1-0"]
[WhiteCountry "ENG"]
[BlackCountry "USA"]
[WhiteElo "2615"]
[WhiteRD "72"]
[BlackElo "2291"]
[BlackRD "75"]
[GameID "448599"]

1. d4 Nf6 2. c4 c5 3. d5 b5 4. cxb5 a6 5. bxa6 e6 6. Nc3 exd5 7. Nxd5 Nxa6 8. Bg5 Bb7 9. Bxf6 gxf6 10. Nf3 Bg7
11. e3 Qa5+ 12. Nc3 f5 13. Rc1 Nb4 14. Qd6 Bxf3 15. gxf3 Nc6 16. Bc4 Qb4 17. Bb3 c4 18. Qxb4 Nxb4 19. Bxc4 Rc8 20. Bb5 Ke7
21. a4 Rhd8 22. f4 d5 23. Ke2 d4 24. exd4 Bxd4 25. Rhd1 Bb6 26. Kf3 Ke6 27. Rxd8 Rxd8 28. Rd1 Rxd1 29. Nxd1 Nc2 30. Bd3 Ne1+
31. Ke2 Ng2 32. Kf3 Ne1+ 33. Ke2 Ng2 34. Bc4+ Kf6 35. b4 Nxf4+ 36. Kd2 Ng6 37. a5 Bc7 38. a6 Bb6 39. f4 Ne7 40. Nc3 Bg1
41. b5 Ba7 42. Kc2 Nc8 43. Nd5+ Kg7 44. Bd3 Nb6 45. Nxb6 Bxb6 46. Bxf5
1-0